000 00264nam a2200109Ia 4500
008 190216s9999||||xx |||||||||||||| ||und||
100 _aBradbrook M C
245 0 _aShakespeare And Elizabethan Poetry
260 _bPenguin Books
_c1956
300 _a252
942 _cBK
999 _c12115
_d12115